000 00927nam a22002417a 4500
005 20250404114220.0
006 a|||||r|||| 00| 0
007 ta
008 250404b1992 ag ||||| |||| 00| 0 spa d
040 _aAR-EsCIE
_cAR-EsCIE
245 1 0 _aTaller uso de la madera en la construcción /
_corganización AUSMA (Universidad del Comahue) y CIEFAP ; coordinación Dr. Günter Besold ; moderador Ing. A. Daghero.
260 _aSan Martín de los Andes :
_bCIEFAP,
_c1992.
300 _a32 p.
490 _aPublicación técnica ;
_v9.
650 4 _aMADERA
_9108
700 1 _aBesold, Günter
_9543
_ecoord.
700 1 _aDaghero, A.
_9544
_ecoord.
710 2 _aAsentamiento Universitario San Martín de los Andes (Universidad Nacional del Comahue)
_9545
_eorg.
710 2 _aCIEFAP
_975
_eorg.
856 _uhttp://www.ciefap.org.ar/digitalizado/Publ_tec_9_Taller_uso_madera.pdf
910 _aPG20250404
942 _2ddc
_cBK
_n0
999 _c272
_d272